Sindias and the Raj : (Record no. 52467)

MARC details
000 -LEADER
fixed length control field 01188nam a22002537a 4500
005 - DATE AND TIME OF LATEST TRANSACTION
control field 20110518114244.0
010 ## - LCCN (DPL NO)
LC control number ENG-102487 B-454726
020 ## - INTERNATIONAL STANDARD BOOK NUMBER
International Standard Book Number 9789380607085
Terms of availability 650.00
035 ## - SYSTEM CONTROL NUMBER
System control number EN-86020 B-454726
037 ## - SOURCE OF ACQUISITION
Source of stock number/acquisition DBAD/PUB
037 ## - SOURCE OF ACQUISITION
Source of stock number/acquisition Blue Berry/Ven
082 ## - DEWEY DECIMAL CLASSIFICATION NUMBER
Classification number 954.03
100 ## - MAIN ENTRY--PERSONAL NAME
Personal name Farooqui, Amar
245 ## - TITLE STATEMENT
Title Sindias and the Raj :
Statement of responsibility, etc by Amar Farooqui
Remainder of title princely Gwalior c. 1800-1850 /
260 ## - PUBLICATION, DISTRIBUTION, ETC. (IMPRINT)
Place of publication, distribution, etc Delhi
Name of publisher, distributor, etc Primus Books
Date of publication, distribution, etc 2011
270 ## - ADDRESS
Address Virat Bhavan, Mukherjee Nagar Commercial Complex
City Delhi
Postal code 110009
300 ## - PHYSICAL DESCRIPTION
Extent 156 p.
Dimensions 25 cm (Hb)
500 ## - GENERAL NOTE
General note Includes bibliographical references (p. [141]-147) and index.
600 ## - SUBJECT ADDED ENTRY--PERSONAL NAME
Personal name Sindhia dynasty
Dates associated with a name 1726-1947
942 ## - ADDED ENTRY ELEMENTS (KOHA)
Source of classification or shelving scheme Dewey Decimal Classification
Item type English Books
Classification part 954.03
Call number suffix FAR
Holdings
Withdrawn status Lost status Not for loan Collection code Home library Current library Date acquired Source of acquisition Cost, normal purchase price Full call number Barcode Copy number Cost, replacement price Koha item type
      Non-fiction Central Library Central Library 01/08/2012 Blue Berry/7232/09.11.2011/06/15.09.2011/30.11.2011 954.03 954.03 FAR B-454726 1 650.00 English Books
    Not For Loan Non-fiction D.B.Act.Division D.B.Act.Division 18/05/2011 DBAD/PUB 650.00 954.03 FAR EN-86020 1 650.00 English Books

© Delhi Public Library
Hit Counter
free hit counter